000 02805nam a2200277Ia 4500
003 Ost
005 20260507075232.0
008 260507s9999||||xx |||||||||||||| ||und||
020 _a23492799619
040 _cfsecg
041 _aara
082 _a330
100 _aبن حمود، سكينة
_eمؤلف
245 0 _aمدخل لعلم الاقتصاد /
_c سكينة بن حمود
260 _aالجزائر:
_bدار المحمدية,
_c2009
300 _a260 صفحة؛
_bإيضاحات ؛
_c24 سم
504 _aمراجع ص.256
520 _aتعريف علم الاقتصاد ، تطوره ، موضوعه ، منهجه و علاقته بالعلوم الاخرى ، العوامل المؤدية لنشأة المشكلة الاقتصادية ، الحاجات الانسانية كمحرك للنشاط الاقتصادي ، الموارد الاقتصادية كوسيلة لإشباع الحاجات الانسانية ، حل المشكلة الاقتصادية ، نشأة النقود ماهيتها ،أنواعها و النظريات النقدية ، مفهوم السوق ، الطلب ،العرض ، تحديد السعر حسب أشكال السوق الأساسية ، التطور التاريخي لنظرية التجارة الدولية ،ةنظرية التجارة الدولية حسب الكلاسيك و حسب النيوكلاسيك ، النظرية الحديثة في التجارة الدولية ، توزيع المداخيل : الأجور ، الريع العقاري ، الربح، الفائدة ، المحاسبة الوطنية : المفاهيم الأساسية للدخل الوطني ، قياس الدخل الوظني بطريقة الانتاج و بطريقة دخول عوامل الانتاج و على أساس طريقة الانفاق ، تعريف التضخم و التحليل الفكري له ، ألآثار المترتبة على التضخم و معالجته ، النظام النقدي الدولي ، صندوق النقد الدولي و البنك الدولي للإنشاء و النعمير ، المنظمة الدولية للتجارة و التعريفات الجمركية و المنظمة العالمية للتجارة ، التكتلات الاقتصادية الدولية ، التحجربة الأوروبية في التعاون و التكامل الدولي ، التكامل الاقتصادي بين الدول العربية ، التجارب السوفياتية و الامريكية و الآسيوية في التعاون و التكامل الاقتصادي.
653 _aالاقتصاد
653 _aالتضخم
653 _aالسوق
653 _aالمشكلة الاقتصادية
653 _aالنقود
653 _aعلم الاقتصاد
942 _cكتاب
999 _c43567
_d43567